Statistics for Every Premier League Kit Maker

Click here to take the quiz!

General Stats

  • This quiz has been taken 22 times
  • The average score is 16 of 20

Answer Stats

HintAnswer% Correct
Man CityPuma
100%
ArsenalAdidas
95%
FulhamAdidas
95%
Nottingham ForestAdidas
95%
Man UtdAdidas
95%
SpursNike
95%
LiverpoolNike
95%
BrightonNike
95%
ChelseaNike
95%
LutonUmbro
86%
BurnleyUmbro
86%
BrentfordUmbro
86%
BournemouthUmbro
86%
West HamUmbro
86%
Aston VillaCastore
62%
NewcastleCastore
62%
WolvesCastore
62%
EvertonHummel
62%
Sheffield UtdErrea
38%
Crystal PalaceMacron
33%

Score Distribution

Percentile by Number Answered

Percent of People with Each Score

Your Score History

You have not taken this quiz